000
00209nam a2200085Ia 4500
008
170620s9999 xx 000 0 und d
100
_a
Mishra- R.C
245
0
_a
Advanced Educational Psychology
260
_b
New Delhi- A.P.H
260
_c
2010
999
_c
25706
_d
25706